[Event "Chigorin Memorial Open"]
[Site "St Petersburg RUS"]
[Date "2011.10.22"]
[Round "9.61"]
[White "Rjanova, Valery"]
[Black "Vastrukhin, Oleg"]
[Result "1/2-1/2"]
[WhiteElo "2187"]
[BlackElo "2361"]
[WhiteFideId "24129119"]
[BlackFideId "4192770"]
[EventDate "2011.10.14"]

1. e4 e6 2. d4 d5 3. Nd2 c5 4. exd5 exd5 5. Ngf3 Nc6 6. Bb5 Bd6 7. dxc5 Bxc5 8.
Nb3 Bb6 9. O-O Ne7 10. Bg5 O-O 11. Qd2 Qd6 12. c4 Bg4 13. c5 Bxc5 14. Bf4 Qg6
15. Nh4 Qh5 16. Nxc5 Qxh4 17. Nxb7 Qf6 18. Bg5 Qg6 19. Na5 h6 20. Nxc6 Nxc6 21.
Bf4 Nd8 22. Bg3 Ne6 23. Rac1 d4 24. f3 Bf5 25. Bh4 Rfc8 26. Bc4 Rxc4 27. Rxc4
Bd3 28. Rfc1 Bxc4 29. Rxc4 Qb1+ 30. Qc1 Qxa2 31. Bf2 d3 32. Be3 Rd8 33. Rc8 Rxc8
34. Qxc8+ Kh7 35. Qc3 Qb1+ 36. Kf2 a6 37. Bc1 Kg8 38. Ke3 Kh7 39. Kf2 Kg6 40.
Ke3 Kh7 1/2-1/2

[Event "Chigorin Memorial Open"]
[Site "St Petersburg RUS"]
[Date "2011.10.22"]
[Round "9.62"]
[White "Balaian, Alina"]
[Black "Derbenev, Andrey"]
[Result "1-0"]
[WhiteElo "2188"]
[BlackElo "2353"]
[WhiteFideId "24115347"]
[BlackFideId "4154169"]
[EventDate "2011.10.14"]

1. e4 a6 2. d4 c5 3. Nf3 cxd4 4. Nxd4 Nf6 5. Nc3 e5 6. Nb3 Bb4 7. Bd3 d5 8. exd5
Nxd5 9. O-O Nxc3 10. bxc3 Be7 11. Qh5 Nc6 12. Re1 g6 13. Qh6 Bf8 14. Qe3 Be7 15.
Be4 O-O 16. Bxc6 bxc6 17. Qxe5 Bf6 18. Qc5 Qd5 19. Qe3 Qc4 20. Ba3 Rd8 21. Qe8+
Kg7 22. Bf8+ Kg8 23. Bh6+ 1-0

[Event "Chigorin Memorial Open"]
[Site "St Petersburg RUS"]
[Date "2011.10.22"]
[Round "9.64"]
[White "Ageichenko, Genadi A"]
[Black "Pimenov, Revolt"]
[Result "1-0"]
[WhiteTitle "IM"]
[WhiteElo "2343"]
[BlackElo "2179"]
[WhiteFideId "4105222"]
[BlackFideId "4146590"]
[EventDate "2011.10.14"]

1. Nf3 Nf6 2. d4 b6 3. c4 Bb7 4. Nc3 g6 5. d5 Bg7 6. e4 O-O 7. Bg5 d6 8. Qd2 c6
9. Bd3 Nbd7 10. O-O Ng4 11. h3 Nge5 12. Nxe5 Nxe5 13. Be2 Rc8 14. Rac1 cxd5 15.
Nxd5 Re8 16. f4 Nd7 17. Bg4 h5 18. Bf3 Bxd5 19. cxd5 b5 20. Bh4 Qb6+ 21. Bf2 Qa6
22. b3 Qa3 23. Rc6 Nb8 24. Qc1 Qxc1 25. Rcxc1 a6 26. g4 Nd7 27. gxh5 Nc5 28.
hxg6 fxg6 29. Bg4 Rcd8 30. Bxc5 dxc5 31. e5 g5 32. Be6+ Kh7 33. fxg5 Bxe5 34.
Kg2 Rf8 35. h4 Kg6 36. Kh3 c4 37. bxc4 bxc4 38. Kg4 c3 39. h5+ Kg7 40. Rf5 Bd4
41. Rcf1 Rxf5 42. h6+ Kh8 43. Bxf5 Be3 44. Re1 Bd2 45. Rxe7 Rf8 46. g6 1-0

[Event "Chigorin Memorial Open"]
[Site "St Petersburg RUS"]
[Date "2011.10.22"]
[Round "9.65"]
[White "Basencyan, Mark"]
[Black "Dimukhametov, Artur"]
[Result "0-1"]
[BlackTitle "FM"]
[WhiteElo "2135"]
[BlackElo "2337"]
[WhiteFideId "13300725"]
[BlackFideId "4195680"]
[EventDate "2011.10.14"]

1. d4 d5 2. Nf3 Nf6 3. Bf4 c5 4. c3 e6 5. e3 Nc6 6. Nbd2 Be7 7. h3 O-O 8. Bd3
Qb6 9. Qc2 Bd7 10. Rd1 Rfc8 11. Qb1 Nd8 12. O-O cxd4 13. exd4 Bb5 14. Bxb5 Qxb5
15. Rfe1 Qa4 16. Re3 b5 17. Rde1 Qa6 18. b3 Nb7 19. Ng5 Nd8 20. Ndf3 Qa3 21. Ne5
Nh5 22. Nd3 Rxc3 23. Bh2 g6 24. g4 Ng7 25. Bf4 Rac8 26. Nf3 Nc6 27. R3e2 Nb4 28.
Nfe5 f6 29. Nxb4 fxe5 30. Nc2 Rxc2 31. Rxc2 Rxc2 32. Qxc2 exf4 33. Qc8+ Kf7 34.
Rc1 Qb4 35. Qh8 f3 36. Rd1 Qd6 37. Qxh7 Qf4 0-1

[Event "Chigorin Memorial Open"]
[Site "St Petersburg RUS"]
[Date "2011.10.22"]
[Round "9.66"]
[White "Duzhakov, Ilya"]
[Black "Shaydullina, Sandugach"]
[Result "0-1"]
[WhiteTitle "FM"]
[BlackTitle "WGM"]
[WhiteElo "2325"]
[BlackElo "2191"]
[WhiteFideId "4192516"]
[BlackFideId "4140389"]
[EventDate "2011.10.14"]

1. e4 c5 2. Ne2 d5 3. exd5 Qxd5 4. Nbc3 Qd8 5. d4 e6 6. Be3 cxd4 7. Nxd4 a6 8.
a3 Nf6 9. Be2 Be7 10. Nb3 Qc7 11. Bf3 Nbd7 12. Qd4 O-O 13. O-O-O e5 14. Qa4 Rb8
15. Ba7 Ra8 16. Be3 Rb8 17. g4 b5 18. Qa5 Nb6 19. g5 Nfd7 20. Nd5 Nxd5 21. Rxd5
Nb6 22. Rd3 e4 23. Bxe4 Qe5 24. Rd4 Bf5 25. Bc6 Rfc8 26. Qc3 Rxc6 27. Qxc6 Nc4
28. Bf4 Qe2 29. Rxc4 bxc4 30. Nd4 Qxf2 31. Bxb8 Qxd4 32. Qe8+ Bf8 33. Rd1 Qf2
34. Rd2 Qf1+ 35. Rd1 Qf2 36. Qa4 Bg4 37. Qxc4 Qe3+ 38. Kb1 Bxd1 39. Qxa6 Qxg5
40. Qd3 Bh5 41. a4 Bg6 42. Qc4 Qd2 43. b3 h5 44. Kb2 Be7 45. Be5 Bg5 46. b4 Qc1+
47. Kb3 Qb1+ 48. Bb2 Bf5 49. Qe2 Bc1 50. c4 Bd3 0-1

[Event "Chigorin Memorial Open"]
[Site "St Petersburg RUS"]
[Date "2011.10.22"]
[Round "9.68"]
[White "Polonovsky, Evgeny"]
[Black "Gubernatorov, Sergey"]
[Result "1-0"]
[BlackTitle "FM"]
[WhiteElo "2172"]
[BlackElo "2311"]
[WhiteFideId "4144813"]
[BlackFideId "4148215"]
[EventDate "2011.10.14"]

1. e4 c5 2. b3 Nf6 3. e5 Nd5 4. Bb2 e6 5. g3 Be7 6. Bg2 O-O 7. Nc3 d6 8. exd6
Qxd6 9. Ne4 Qc7 10. h4 f5 11. Ng5 Bf6 12. Bxf6 Nxf6 13. Qe2 Re8 14. N1h3 Nc6 15.
c3 h6 16. Nf4 hxg5 17. hxg5 Ng4 18. O-O-O Qd8 19. Bxc6 bxc6 20. f3 Qxg5 21. Rh5
Qf6 22. fxg4 fxg4 23. Rf1 e5 24. Nd5 Qg6 25. Qh2 1-0

[Event "Chigorin Memorial Open"]
[Site "St Petersburg RUS"]
[Date "2011.10.22"]
[Round "9.69"]
[White "Saveliev, Alexei"]
[Black "Bazeev, German"]
[Result "1/2-1/2"]
[WhiteElo "2048"]
[BlackElo "2291"]
[WhiteFideId "24128546"]
[BlackFideId "24119350"]
[EventDate "2011.10.14"]

1. e4 c5 2. Nf3 Nc6 3. d4 cxd4 4. Nxd4 Nf6 5. Nc3 d6 6. Bg5 e6 7. Qd2 a6 8.
O-O-O h6 9. Nxc6 bxc6 10. Bf4 d5 11. Qe3 Be7 12. Be2 Nd7 13. h4 O-O 14. Rh3 e5
15. Bxh6 d4 16. Qg3 Bf6 17. Na4 Rb8 18. Rhh1 Rb4 19. b3 Rxa4 20. bxa4 Nc5 21.
Bd3 Nxa4 22. Bg5 Qd6 23. Bxf6 Qxf6 24. Qg5 Nc3 25. Qxf6 gxf6 26. Kd2 Be6 27. f3
a5 28. a3 Rb8 29. g4 Nxd1 30. Rxd1 c5 31. Ra1 c4 32. Bf1 Kg7 33. Kc1 Rh8 34. h5
Kh6 35. Rb1 Kg5 36. Rb5 Kf4 37. Be2 Ke3 38. Bd1 d3 39. c3 d2+ 40. Kc2 Ra8 41.
Rb7 Rd8 42. Ra7 Kf2 43. Rxa5 Ke1 44. Ra7 Rb8 45. Ra6 Bd7 46. Ra5 Bc6 47. Ra6 Bb7
48. Rd6 Ra8 49. Rxd2 Bc6 50. Re2+ Kf1 1/2-1/2

[Event "Chigorin Memorial Open"]
[Site "St Petersburg RUS"]
[Date "2011.10.22"]
[Round "9.70"]
[White "Chigaev, Maksim"]
[Black "Tkachev, Ivan"]
[Result "1-0"]
[WhiteElo "2289"]
[BlackElo "2074"]
[WhiteFideId "4108116"]
[BlackFideId "4186885"]
[EventDate "2011.10.14"]

1. e4 c5 2. c3 d5 3. exd5 Qxd5 4. d4 Nc6 5. Nf3 Bg4 6. Be2 cxd4 7. cxd4 e6 8.
Nc3 Bb4 9. O-O Qa5 10. h3 Bf5 11. d5 Rd8 12. Bd2 exd5 13. a3 Be7 14. Nb5 Qb6 15.
Bf4 Rd7 16. Ne5 Nxe5 17. Bxe5 Bf6 18. Bxf6 Qxf6 19. Nd4 Re7 20. Nxf5 Qxf5 21.
Bg4 Qe5 22. Rc1 f6 23. Rc5 g6 24. Rxd5 Qc7 25. Qd2 Kf7 26. Rc1 Qb6 27. Rc8 h5
28. Be2 Kg7 29. Rdd8 Kh7 30. Bc4 Rg7 31. Rd6 1-0

[Event "Chigorin Memorial Open"]
[Site "St Petersburg RUS"]
[Date "2011.10.22"]
[Round "9.71"]
[White "Ivanov, Sergei V."]
[Black "Goikhman, Valentin"]
[Result "1/2-1/2"]
[WhiteElo "2055"]
[BlackElo "2261"]
[WhiteFideId "24170003"]
[BlackFideId "2806800"]
[EventDate "2011.10.14"]

1. Nf3 Nf6 2. g3 g6 3. Bg2 Bg7 4. O-O O-O 5. d3 Nc6 6. e4 e5 7. Nc3 d6 8. Ne1
Nd4 9. Ne2 d5 10. Nxd4 exd4 11. e5 Ng4 12. f4 h5 13. Nf3 c5 14. c3 dxc3 15. bxc3
Be6 16. Qe2 Rc8 17. d4 cxd4 18. cxd4 Bf5 19. Ne1 Qb6 20. Bb2 Bc2 21. Nxc2 Qxb2
22. Rfc1 Rxc2 23. Qxc2 Qxd4+ 24. Kh1 Nf2+ 25. Kg1 Nd3+ 26. Kh1 Nxc1 27. Rxc1 g5
28. Qc5 Qd2 29. Rf1 gxf4 30. gxf4 b6 31. Qxd5 Rd8 32. Qf3 Rd4 33. Qa8+ Rd8 34.
Qxa7 Qd4 35. Qe7 Qd7 36. Qg5 Rc8 37. Qxh5 Qd2 38. Qg4 Rc1 39. h4 Rxf1+ 40. Bxf1
Qxa2 41. Qc8+ Bf8 42. Qg4+ Bg7 43. h5 Qa1 44. Kg2 Qa8+ 45. Kg3 Kh8 46. Qf5 Kg8
47. Bc4 Qe8 48. Qg5 Qc6 49. Qd8+ Bf8 50. Qg5+ Bg7 51. Bd3 Qc3 52. Qd8+ Bf8 53.
Kg4 Qc6 54. Qg5+ Kh8 55. Kg3 Qc3 56. Qd8 Qe1+ 57. Kf3 Qh1+ 58. Ke3 Kg7 59. Qf6+
Kg8 60. Qg5+ Kh8 1/2-1/2

[Event "Chigorin Memorial Open"]
[Site "St Petersburg RUS"]
[Date "2011.10.22"]
[Round "9.72"]
[White "Korchmar, Vasiliy"]
[Black "Pershin, Denis"]
[Result "0-1"]
[WhiteElo "2253"]
[BlackElo "1984"]
[WhiteFideId "24131750"]
[BlackFideId "24165506"]
[EventDate "2011.10.14"]

1. e4 c5 2. Nf3 Nc6 3. d4 cxd4 4. Nxd4 e5 5. Nb5 d6 6. N1c3 a6 7. Na3 b5 8. Nd5
Nge7 9. c4 Nxd5 10. cxd5 Nd4 11. Bd3 Be7 12. O-O O-O 13. Be3 Bf6 14. Nc2 Nxc2
15. Qxc2 Bd7 16. Qd2 Qc7 17. Rfc1 Qb7 18. Rc2 Rfc8 19. Rac1 Bd8 20. Qb4 Rxc2 21.
Rxc2 Bc7 22. a4 Qb8 23. axb5 axb5 24. h3 Ra1+ 25. Kh2 Ba5 26. Qb3 b4 27. Rc1 Ba4
28. Rxa1 Bxb3 29. Rxa5 h6 30. Rb5 Qa8 31. Rxb4 Qa2 32. Rb6 Kh7 33. Rxd6 Qxb2 34.
Rb6 Qc3 35. Be2 Ba4 36. Bg4 g6 37. Rb7 Be8 38. d6 Qc6 39. Re7 0-1

[Event "Chigorin Memorial Open"]
[Site "St Petersburg RUS"]
[Date "2011.10.22"]
[Round "9.73"]
[White "Goryachkina, Aleksandra"]
[Black "Zheleznaykov, Peter"]
[Result "1-0"]
[WhiteTitle "WFM"]
[WhiteElo "2248"]
[BlackElo "1955"]
[WhiteFideId "4147103"]
[BlackFideId "24104620"]
[EventDate "2011.10.14"]

1. d4 d5 2. c4 e6 3. g3 c6 4. Qc2 Nf6 5. Bg2 Bb4+ 6. Nd2 O-O 7. Nf3 Ne4 8. O-O
Nxd2 9. Nxd2 Nd7 10. e4 dxe4 11. Nxe4 Nf6 12. Rd1 Be7 13. b3 Nxe4 14. Bxe4 g6
15. Bf4 Bg5 16. Qd2 Bxf4 17. Qxf4 Kg7 18. c5 Qf6 19. Qe5 Rd8 20. g4 Bd7 21. g5
Qxe5 22. dxe5 Be8 23. Rd6 Rxd6 24. exd6 Rb8 25. Rc1 Bd7 26. Kf1 h6 27. h4 Rh8
28. Ke2 hxg5 29. hxg5 Rh4 30. Bf3 Rf4 31. Ke3 Rf5 32. Rc4 Rxg5 33. Rb4 Bc8 34.
Rxb7 Rxc5 35. d7 Bxd7 36. Rxd7 a5 37. a4 Kf8 38. Rd6 Rc3+ 39. Rd3 Rc2 40. Bd1
Rc5 41. Kd4 Rd5+ 42. Kc4 Rf5 43. Rf3 Rd5 44. Bc2 Ke7 45. Be4 Rd6 46. Kc5 f5 47.
Bxc6 e5 48. Re3 Ke6 49. b4 axb4 50. a5 Rd2 51. a6 Rc2+ 52. Kb6 Rxf2 53. a7 Ra2
54. a8=Q Rxa8 55. Bxa8 e4 56. Kc5 Ke5 57. Kxb4 g5 58. Kc3 Kf4 59. Kd2 g4 60. Ke2
g3 61. Rb3 Kg4 62. Kf1 Kh3 63. Kg1 1-0

[Event "Chigorin Memorial Open"]
[Site "St Petersburg RUS"]
[Date "2011.10.22"]
[Round "9.74"]
[White "Harshkou, Mikita"]
[Black "Kanakin, Konstantin"]
[Result "1-0"]
[WhiteElo "2248"]
[BlackElo "1944"]
[WhiteFideId "13504770"]
[BlackFideId "4186699"]
[EventDate "2011.10.14"]

1. d4 d5 2. c4 c6 3. cxd5 cxd5 4. Nc3 Nf6 5. Bf4 Nc6 6. e3 a6 7. Rc1 Qb6 8. Bd3
e6 9. Nf3 Nh5 10. Be5 f6 11. Ng5 g6 12. Nxh7 Kf7 13. Nxf8 Nxe5 14. dxe5 Rxf8 15.
exf6 Qxb2 16. O-O Bd7 17. Qg4 Nxf6 18. Bxg6+ Ke7 19. Qd4 Qa3 20. Bd3 Bc6 21. f4
Qd6 22. Nb1 Rh8 23. Nd2 Rag8 24. Nf3 Ng4 25. Ne5 Nxe5 26. fxe5 Qa3 27. Rxc6 bxc6
28. Qa7+ Kd8 29. Qb8+ Ke7 30. Qc7+ Ke8 31. Qxc6+ Kd8 32. Qa8+ Kc7 33. Rf7+ Kb6
34. Qb7+ 1-0

[Event "Chigorin Memorial Open"]
[Site "St Petersburg RUS"]
[Date "2011.10.22"]
[Round "9.76"]
[White "Skvortsov, Alexander"]
[Black "Kashlinskaya, Alina"]
[Result "0-1"]
[BlackTitle "WGM"]
[WhiteElo "2179"]
[BlackElo "2385"]
[WhiteFideId "24170038"]
[BlackFideId "4198026"]
[EventDate "2011.10.14"]

1. c4 g6 2. Nc3 Bg7 3. g3 d6 4. Bg2 e5 5. e3 f5 6. Nge2 Nf6 7. d3 c6 8. O-O O-O
9. Rb1 a5 10. b3 Na6 11. d4 e4 12. a3 Be6 13. d5 Bf7 14. f3 cxd5 15. cxd5 exf3
16. Bxf3 Re8 17. Nd4 Rc8 18. Bd2 Nc7 19. Ne6 Nxe6 20. dxe6 Bxe6 21. Bxb7 Rc5 22.
Bg2 Ng4 23. Na4 Re5 24. Re1 Bf7 25. e4 Qd7 26. Bc3 Rd5 27. Qc2 Qa7+ 28. Kh1 Bxc3
29. Nxc3 Nf2+ 30. Kg1 Nxe4+ 31. Kh1 Rd2 32. Bxe4 Rxc2 33. Bxc2 Rxe1+ 34. Rxe1
Qc5 0-1

[Event "Chigorin Memorial Open"]
[Site "St Petersburg RUS"]
[Date "2011.10.22"]
[Round "9.77"]
[White "Monin, Nikolay"]
[Black "Kulagin, Sergey"]
[Result "1-0"]
[WhiteTitle "IM"]
[WhiteElo "2365"]
[BlackElo "2128"]
[WhiteFideId "4104013"]
[BlackFideId "4193253"]
[EventDate "2011.10.14"]

1. d4 e6 2. Nf3 f5 3. e3 Nf6 4. Bd3 b6 5. O-O Bb7 6. Nbd2 Be7 7. Qe2 Ne4 8. Ne1
O-O 9. f3 Nxd2 10. Bxd2 Bf6 11. c3 Qe8 12. e4 g6 13. Nc2 d6 14. Bh6 Bg7 15. Bxg7
Kxg7 16. e5 d5 17. f4 c5 18. Na3 a6 19. g4 Nc6 20. gxf5 gxf5 21. Qf2 Qe7 22. Nc2
Kh8 23. Kh1 Rg8 24. Rg1 Rxg1+ 25. Rxg1 Rg8 26. Rg3 Rg7 27. Be2 Qh4 28. Kg2 Ne7
29. Rxg7 Qxf2+ 30. Kxf2 Kxg7 31. Ke3 c4 32. Ne1 Bc6 33. Nf3 h6 34. Nd2 Be8 35.
Nf1 Nc6 36. Ng3 Ne7 37. Bf3 b5 38. b3 a5 39. Be2 Nc6 40. Kd2 Ne7 41. Kc2 Kf8 42.
Kb2 Ng6 43. Nh5 Nh4 44. a4 Ng2 45. axb5 Bxb5 46. bxc4 Bxc4 47. Bxc4 dxc4 48. Ka3
Kf7 49. Ka4 Kg6 50. Nf6 Nxf4 51. Kxa5 Nd5 52. Kb5 f4 53. Kxc4 Nxf6 54. exf6 Kxf6
55. Kd3 Kf5 56. c4 h5 57. Ke2 h4 58. c5 1-0

[Event "Chigorin Memorial Open"]
[Site "St Petersburg RUS"]
[Date "2011.10.22"]
[Round "9.78"]
[White "Frolochkin, Vladimir"]
[Black "Pyatin, Alexander"]
[Result "0-1"]
[WhiteElo "2331"]
[BlackElo "2124"]
[WhiteFideId "4181050"]
[BlackFideId "24125920"]
[EventDate "2011.10.14"]

1. e4 c5 2. Ne2 e6 3. d4 cxd4 4. Nxd4 a6 5. Nc3 Ne7 6. g3 Nbc6 7. Nb3 Ng6 8. Bg2
b5 9. f4 Bb7 10. e5 Qc7 11. Ne4 Nb4 12. c3 Nd5 13. Qe2 d6 14. exd6 Bxd6 15. f5
Ne5 16. fxe6 O-O 17. O-O fxe6 18. Bd2 Nc4 19. Qg4 Qb6+ 20. Kh1 Be5 21. Qh5 g6
22. Qg5 Rf5 23. Rxf5 exf5 24. Nec5 Bc6 25. Nd7 Qf2 26. Nxe5 Nxe5 27. Nd4 Bb7 28.
Be1 Qxb2 29. Qc1 Qxc1 30. Rxc1 Nd3 31. Rb1 Re8 32. Bd2 Ba8 33. a4 Nf2+ 34. Kg1
Ne4 35. Bxe4 fxe4 36. axb5 e3 37. Be1 axb5 38. Nxb5 Rf8 39. Nd4 Nf6 40. Ne6 Rc8
41. c4 Be4 42. Rb3 Re8 43. Rb6 Nd7 44. Nc7 Rf8 45. Re6 Nc5 46. Re5 e2 47. Bf2
Nd3 48. Rxe4 Rxf2 0-1

[Event "Chigorin Memorial Open"]
[Site "St Petersburg RUS"]
[Date "2011.10.22"]
[Round "9.79"]
[White "Pasiev, Rakhim"]
[Black "Bratus, Petr P"]
[Result "1/2-1/2"]
[WhiteTitle "FM"]
[WhiteElo "2306"]
[BlackElo "2119"]
[WhiteFideId "24122475"]
[BlackFideId "4168682"]
[EventDate "2011.10.14"]

1. a3 d5 2. b4 e5 3. Bb2 Bd6 4. e3 Nf6 5. c4 c6 6. d3 O-O 7. Nf3 Re8 8. Be2 Nbd7
9. Qb3 Qe7 10. Nbd2 h6 11. h3 a6 12. e4 d4 13. c5 Bc7 14. Nc4 Nf8 15. a4 Ng6 16.
g3 Be6 17. a5 Nd7 18. Qa2 Kh7 19. h4 f5 20. h5 Nh8 21. exf5 Bxf5 22. Nh4 Be6 23.
Bf3 Nf6 24. O-O Qf7 25. Qb1 Nxh5 26. Be4+ Kg8 27. Nd2 Rf8 28. Qd1 Rad8 29. Qe2
Nf6 30. Bg2 Bg4 31. Qe1 Rde8 32. b5 axb5 33. a6 g5 34. Nhf3 bxa6 35. Rxa6 Re6
36. Nh2 Bf5 37. Qe2 Qh7 38. Ne4 Nxe4 39. dxe4 Bg6 40. Bh3 Ref6 41. Ng4 R6f7 42.
Rxc6 h5 43. Nh6+ Qxh6 44. Be6 Kh7 45. Bxf7 Rxf7 46. Ra1 Qf8 47. Ra7 Qg7 48. Bc1
Bd8 49. Ra8 Rd7 50. Rcc8 Nf7 51. c6 Rc7 52. Rxd8 Nxd8 53. Rxd8 Qe7 54. Rd5 Rxc6
55. Bd2 Rb6 56. Ba5 Rb8 57. f4 gxf4 58. gxf4 exf4 59. Bd2 Qxe4 60. Rxh5+ Kg8 61.
Qxe4 Bxe4 62. Bxf4 Rf8 63. Rg5+ Kh7 64. Rh5+ Kg6 65. Rg5+ Kf7 66. Rxb5 d3 67.
Kf2 Rd8 68. Ke1 Rd7 69. Kd2 Bg6 70. Bg5 Ra7 71. Rb2 Ke6 72. Be3 Ra6 73. Bd4 Kd5
74. Bc3 Re6 75. Rb5+ Kc4 76. Rb4+ Kc5 77. Rg4 Re2+ 78. Kd1 Be4 79. Bd2 Kd5 80.
Rg8 Rh2 81. Kc1 Kd4 82. Rd8+ Bd5 83. Re8 Rh1+ 84. Kb2 Rh2 85. Kc1 Rh7 86. Be3+
Kc3 87. Bd2+ Kb3 88. Rb8+ Bb7 89. Bf4 Kc3 90. Be5+ Kc4 91. Rd8 Rh5 1/2-1/2

[Event "Chigorin Memorial Open"]
[Site "St Petersburg RUS"]
[Date "2011.10.22"]
[Round "9.80"]
[White "Tsydypov, Zhamsaran"]
[Black "Kuzmin, Egor"]
[Result "1-0"]
[WhiteElo "2288"]
[BlackElo "2117"]
[WhiteFideId "4108566"]
[BlackFideId "24101737"]
[EventDate "2011.10.14"]

1. e4 c5 2. Nf3 d6 3. d4 cxd4 4. Nxd4 Nf6 5. Nc3 a6 6. Be2 e5 7. Nb3 Be7 8. O-O
O-O 9. Re1 Be6 10. Bf3 Nbd7 11. a4 Qc7 12. Nd2 Rac8 13. Nf1 Rfe8 14. Ne3 Bf8 15.
g3 Qc5 16. a5 b5 17. axb6 Qxb6 18. Bg2 g6 19. Qe2 a5 20. Bd2 Qc5 21. b3 Bg7 22.
Nb5 d5 23. exd5 Nxd5 24. Bxd5 Bxd5 25. Rxa5 Bb7 26. Na7 Qb6 27. Nxc8 Rxc8 28.
Qb5 Qxb5 29. Rxb5 Bc6 30. Ra5 e4 31. Nc4 f5 32. Bf4 h6 33. Rd1 Bc3 34. Ra7 g5
35. Be3 Ne5 36. Nxe5 Bxe5 37. Ra5 Re8 38. Ra6 Rc8 39. Bd4 Bb5 40. Ra5 Bxd4 41.
Rxb5 Rd8 42. Kf1 1-0

[Event "Chigorin Memorial Open"]
[Site "St Petersburg RUS"]
[Date "2011.10.22"]
[Round "9.81"]
[White "Androsov, Sergey"]
[Black "Donskov, Anatoly"]
[Result "0-1"]
[WhiteElo "2088"]
[BlackElo "2286"]
[WhiteFideId "4102681"]
[BlackFideId "24143413"]
[EventDate "2011.10.14"]

1. e4 c5 2. Nc3 Nc6 3. g3 g6 4. Bg2 Bg7 5. d3 e6 6. Nge2 Nge7 7. O-O O-O 8. Be3
d6 9. f4 b6 10. d4 Ba6 11. Re1 Rc8 12. a4 Na5 13. Nb5 Nc4 14. Bc1 Nc6 15. c3
cxd4 16. Nexd4 Nxd4 17. Nxd4 Qc7 18. Bf1 e5 19. Nc2 Bb7 20. Na3 Qc5+ 21. Kh1 d5
22. Nxc4 dxc4 23. Qc2 Rcd8 24. Be3 Qc6 25. Kg1 f5 26. Bg2 fxe4 27. fxe5 Bxe5 28.
Bg5 Rd3 29. Be7 Re8 30. Bxe4 Qxe4 31. Rxe4 Bxe4 32. Qe2 Rxe7 33. Qxe4 Bd4+ 34.
Qxd4 Rxd4 35. cxd4 Rd7 36. Rd1 Kf7 37. d5 Ke7 38. Rd4 Kd6 39. Rxc4 Kxd5 40. b3
Rf7 41. Kg2 a6 42. Rc8 Rf6 43. b4 Rc6 44. Rb8 Kc4 45. a5 b5 46. Rb6 Rc7 47. Rxa6
Kxb4 48. Ra8 Ka3 49. Rb8 b4 50. a6 Ra7 51. Rb7 Rxa6 52. Rxh7 b3 53. Rb7 b2 54.
g4 Ra4 55. Rxb2 Kxb2 56. Kg3 g5 0-1

[Event "Chigorin Memorial Open"]
[Site "St Petersburg RUS"]
[Date "2011.10.22"]
[Round "9.82"]
[White "Vunder, Andrey"]
[Black "Matsenko, Andrei"]
[Result "1/2-1/2"]
[WhiteElo "2282"]
[BlackElo "2116"]
[WhiteFideId "4128338"]
[BlackFideId "24146501"]
[EventDate "2011.10.14"]

1. d4 d5 2. Nf3 Nf6 3. c4 e6 4. cxd5 exd5 5. Nc3 c6 6. Qc2 g6 7. Bg5 Be7 8. e4
dxe4 9. Bxf6 Bxf6 10. Qxe4+ Kf8 11. Bc4 Bf5 12. Qf4 Qe7+ 13. Kf1 Qb4 14. Bb3 h5
15. Ne5 Rh7 16. Re1 Bxe5 17. Rxe5 Bd3+ 18. Kg1 Nd7 19. Re3 Bf5 20. h3 Kg7 21.
Kh2 a5 22. Na4 Rhh8 23. Rhe1 Rhf8 24. Re7 b5 25. Nc5 Nxc5 26. Qe5+ Kg8 27. dxc5
a4 28. Bd1 Rad8 29. a3 Qd2 30. Kg1 Rd5 31. Qf6 Rxc5 32. Re8 Qh6 33. Bxh5 Rc1 34.
Rxf8+ Kxf8 35. Qe7+ Kg8 36. Qe8+ Kg7 37. Qe5+ Kh7 38. Bf3 Qd2 39. Rxc1 Qxc1+ 40.
Kh2 Be6 41. h4 c5 42. h5 gxh5 43. Be4+ Kg8 1/2-1/2

[Event "Chigorin Memorial Open"]
[Site "St Petersburg RUS"]
[Date "2011.10.22"]
[Round "9.83"]
[White "Turikov, Viktor"]
[Black "Nedostup, Daniil"]
[Result "1-0"]
[WhiteTitle "FM"]
[WhiteElo "2279"]
[BlackElo "2075"]
[WhiteFideId "4107810"]
[BlackFideId "24121576"]
[EventDate "2011.10.14"]

1. e4 e6 2. d3 c5 3. Nd2 Nc6 4. g3 g6 5. Bg2 Bg7 6. Ngf3 d6 7. O-O Nge7 8. c3
O-O 9. Re1 Rb8 10. a4 a6 11. Nf1 e5 12. Ne3 h6 13. Nd5 Nxd5 14. exd5 Ne7 15. Nd2
b5 16. axb5 axb5 17. Nf1 b4 18. Bd2 bxc3 19. bxc3 g5 20. Ne3 f5 21. Nc4 Bb7 22.
Na5 Qd7 23. c4 f4 24. Be4 g4 25. Qa4 Qc7 26. Reb1 h5 27. Nc6 Rbc8 28. Na7 Rce8
29. Ba5 Qb8 30. Nb5 Rc8 31. Bb6 Rf6 32. Qa7 fxg3 33. hxg3 Qa8 34. Bc7 Re8 35.
Nxd6 Rxd6 36. Bxd6 Qxa7 37. Rxa7 Nc8 38. Rbxb7 1-0

[Event "Chigorin Memorial Open"]
[Site "St Petersburg RUS"]
[Date "2011.10.22"]
[Round "9.84"]
[White "Valov, Ilya"]
[Black "Zamyshlyaev, Anatoly"]
[Result "0-1"]
[WhiteTitle "FM"]
[WhiteElo "2234"]
[BlackElo "2067"]
[WhiteFideId "4199251"]
[BlackFideId "4199308"]
[EventDate "2011.10.14"]

1. d4 e6 2. Nf3 Nf6 3. c4 d5 4. Nc3 c5 5. cxd5 exd5 6. g3 Be7 7. Bg2 O-O 8. O-O
Nc6 9. dxc5 Bxc5 10. Na4 Bb6 11. Bg5 d4 12. Nxb6 axb6 13. a3 h6 14. Bf4 Bf5 15.
Ne5 Be4 16. Bxe4 Nxe4 17. f3 Nc5 18. Rc1 Re8 19. Nd3 Qe7 20. Re1 Rac8 21. b4 Ne6
22. Bd2 Nc7 23. e4 Ra8 24. a4 f6 25. b5 Ne5 26. Bb4 Qd7 27. f4 Nxd3 28. Qxd3 Ne6
29. Qb3 Kh8 30. Red1 Rec8 31. Qd5 Rd8 32. Qb3 d3 33. Rc4 Nd4 34. Qa2 Qh3 35. Qg2
Qg4 36. Ra1 d2 37. Qf1 Ne2+ 38. Kf2 Nxf4 39. Rd1 Nd3+ 40. Kg2 Nb2 0-1

[Event "Chigorin Memorial Open"]
[Site "St Petersburg RUS"]
[Date "2011.10.22"]
[Round "9.85"]
[White "Karaseva, Janna"]
[Black "Bondarenko, Alexander"]
[Result "0-1"]
[BlackTitle "FM"]
[WhiteElo "2030"]
[BlackElo "2224"]
[WhiteFideId "4132548"]
[BlackFideId "14126109"]
[EventDate "2011.10.14"]

1. Nf3 d5 2. d4 e6 3. Bf4 f5 4. g3 Nf6 5. Bg2 c6 6. O-O Be7 7. c3 O-O 8. Nbd2
Ne4 9. Bxb8 Rxb8 10. Ne5 Nxd2 11. Qxd2 Bf6 12. f4 Qe7 13. b4 a6 14. a4 g5 15. h3
Kh8 16. e3 Rg8 17. Kh2 Rg7 18. Bf3 Bd7 19. Rg1 Rbg8 20. Qe2 Be8 21. Rg2 Bxe5 22.
fxe5 g4 23. Qf2 gxf3 24. Qxf3 Qg5 25. Rf1 Bh5 26. Qf4 Qxf4 27. exf4 a5 28. Ra1
axb4 29. cxb4 Bf3 30. Rgg1 h5 31. h4 Be2 32. Ra3 Ra8 33. Rga1 b6 34. Kg2 Rga7
35. Kf2 Bb5 36. a5 bxa5 37. bxa5 Ra6 38. Ke3 Bc4 39. Kd2 Rb8 40. Kc2 Rb5 41. Kc3
Kg7 42. Kc2 Kf7 43. Rb1 Raxa5 44. Rxa5 Rxa5 45. Rb7+ Kg6 46. Re7 c5 47. Rxe6+
Kg7 48. dxc5 Rxc5 49. Kd2 d4 50. Rf6 Ra5 51. Rxf5 Ra2+ 52. Ke1 d3 53. e6 d2+ 0-1